Technical Writing : (Record no. 591406)

000 -LEADER
fixed length control field 00446nam a22001457a 4500
020 ## - INTERNATIONAL STANDARD BOOK NUMBER
International Standard Book Number 9781138628106
040 ## - CATALOGING SOURCE
Transcribing agency NUST
082 ## - DEWEY DECIMAL CLASSIFICATION NUMBER
Classification number 808.0665 LAP
100 ## - MAIN ENTRY--PERSONAL NAME
Personal name Laplante, Phillip A.
9 (RLIN) 55695
245 ## - TITLE STATEMENT
Title Technical Writing :
Remainder of title A Practical Guide for Engineers, Scientists and Nontechnical Professionals
250 ## - EDITION STATEMENT
Edition statement 2nd Edition
260 ## - PUBLICATION, DISTRIBUTION, ETC.
Place of publication, distribution, etc. ROCA RATON:
Name of publisher, distributor, etc. CRC PRESS,
Date of publication, distribution, etc. 2019.
650 ## - SUBJECT ADDED ENTRY--TOPICAL TERM
Topical term or geographic name entry element Technical Writing.NUSTTB2022
9 (RLIN) 102814
942 ## - ADDED ENTRY ELEMENTS (KOHA)
Source of classification or shelving scheme
Koha item type Book
Holdings
Withdrawn status Lost status Source of classification or shelving scheme Damaged status Not for loan Permanent Location Current Location Shelving location Date acquired Shelving control number Full call number Barcode Date last seen Price effective from Koha item type Public note Total Checkouts
          College of Electrical & Mechanical Engineering (CEME) College of Electrical & Mechanical Engineering (CEME) Fiction 09/12/2022 English Literature 808.0665 LAP CEME-50842 09/12/2022 09/12/2022 Book CART-4  
          College of Electrical & Mechanical Engineering (CEME) College of Electrical & Mechanical Engineering (CEME) General Stacks 10/11/2022   280 SCB CEME-50842-A 10/11/2022 10/11/2022 Book    
© 2023 Central Library, National University of Sciences and Technology. All Rights Reserved.